[Event "Skilling Open CCT 2021"]
[Site "Online"]
[Date "2020.11.19"]
[Round "15.4"]
[White "Anton Guijarro, David"]
[Black "Vidit, Santosh Gujrathi"]
[Result "0-1"]
[WhiteElo "2667"]
[BlackElo "2636"]
[Annotator "RC"]
[PlyCount "124"]
[EventDate "2020.11.20"]
[EventType "tourn"]
[EventCountry "NET"]
[Tiebreak "Koya+Number of black wins+Number of wins"]
[SourceTitle "playchess.com"]
[Source "ChessBase"]
[SourceQuality "1"]
[TimeControl "900+10"]

1. d4 {[%emt 0:00:00]} Nf6 {[%emt 0:00:00]} 2. c4 {[%emt 0:00:00]} e6 {[%emt 0:
00:00]} 3. Nc3 {[%emt 0:00:00]} Bb4 {[%emt 0:00:00]} 4. e3 {[%emt 0:00:00]} O-O
{[%emt 0:00:00]} 5. Bd2 {[%emt 0:00:00]} d5 {[%emt 0:00:10]} 6. Nf3 {[%emt 0:
00:00]} b6 {[%emt 0:00:03]} 7. cxd5 {[%emt 0:00:00]} exd5 {[%emt 0:00:02]} 8.
Bd3 {[%emt 0:00:00]} Re8 {[%emt 0:00:32]} 9. O-O {[%emt 0:00:02]} Bd6 {[%emt 0:
00:02]} 10. Rc1 {[%emt 0:00:02]} a6 {[%emt 0:00:39]} 11. Ne5 {[%emt 0:00:03]}
Bxe5 {[%emt 0:00:38]} 12. dxe5 {[%emt 0:00:00]} Rxe5 {[%emt 0:00:01]} 13. e4 {
[%emt 0:00:01]} Bg4 {[%emt 0:03:19]} 14. Qc2 {[%emt 0:07:03]} d4 {[%emt 0:04:
57]} 15. Nd5 {[%emt 0:00:10]} c5 {[%emt 0:00:59]} 16. Bf4 {[%emt 0:04:11]} Rh5
{[%emt 0:01:07]} 17. f3 {[%emt 0:01:13]} Be6 {[%emt 0:01:09]} 18. Nc7 {[%emt 0:
00:26]} Ra7 {[%emt 0:00:03]} 19. Nxe6 {[%emt 0:00:04]} fxe6 {[%emt 0:00:00]}
20. g4 {[%emt 0:00:13]} e5 {[%emt 0:00:11]} 21. Bg3 {[%emt 0:00:45]} Rg5 {
[%emt 0:00:09]} 22. h4 {[%emt 0:00:36]} Rg6 {[%emt 0:00:01]} 23. Bxe5 {[%emt 0:
00:19]} Nc6 {[%emt 0:00:01]} 24. Bh2 {[%emt 0:01:32]} Nb4 {[%emt 0:00:07]} 25.
Bc4+ {[%emt 0:00:03]} Kh8 {[%emt 0:00:01]} 26. Qd2 {[%emt 0:00:02]} Qe7 {
[%emt 0:00:54]} 27. Qf4 {[%emt 0:00:23]} Ra8 {[%emt 0:00:27]} 28. a3 {[%emt 0:
00:20]} Nc6 {[%emt 0:00:05]} 29. Kh1 {[%emt 0:00:25]} Rf8 {[%emt 0:00:28]} 30.
Qc7 {[%emt 0:00:36]} Qxc7 {[%emt 0:01:57]} 31. Bxc7 {[%emt 0:00:00]} Nd7 {
[%emt 0:00:01]} 32. Bxa6 {[%emt 0:00:20]} Nce5 {[%emt 0:00:24]} 33. Bb5 {
[%emt 0:00:19]} Rc8 {[%emt 0:00:23]} 34. Bxd7 {[%emt 0:00:35]} Rxc7 {[%emt 0:
00:12]} 35. Bf5 {[%emt 0:00:02]} Rh6 {[%emt 0:00:11]} 36. Kh2 {[%emt 0:00:42]}
g6 {[%emt 0:00:39]} 37. g5 {[%emt 0:00:10]} Rxh4+ {[%emt 0:00:07]} 38. Bh3 {
[%emt 0:00:11]} Rf7 {[%emt 0:00:37]} 39. Kg3 {[%emt 0:00:06]} Rhf4 {[%emt 0:00:
01]} 40. Bg2 {[%emt 0:00:05]} c4 {[%emt 0:00:18]} 41. a4 {[%emt 0:00:10]} Kg7 {
[%emt 0:00:11]} 42. Rfd1 {[%emt 0:00:07]} d3 {[%emt 0:00:17]} 43. b3 {[%emt 0:
00:15]} cxb3 {[%emt 0:00:07]} 44. Rb1 {[%emt 0:00:07]} Nxf3 {[%emt 0:00:05]}
45. Rxd3 {[%emt 0:00:15]} Nxg5 {[%emt 0:00:21]} 46. Re3 {[%emt 0:00:08]} h5 {
[%emt 0:00:14]} 47. e5 {[%emt 0:00:21]} Rg4+ {[%emt 0:00:03]} 48. Kh2 {[%emt 0:
00:04]} Rf2 {[%emt 0:00:02]} 49. Rg3 {[%emt 0:00:03]} Rxg3 {[%emt 0:00:35]} 50.
Kxg3 {[%emt 0:00:02]} Rd2 {[%emt 0:00:02]} 51. Rxb3 {[%emt 0:00:14]} h4+ {
[%emt 0:00:01]} 52. Kxh4 {[%emt 0:00:03]} Rxg2 {[%emt 0:00:01]} 53. Rxb6 {
[%emt 0:00:04]} Nf3+ {[%emt 0:00:15]} 54. Kh3 {[%emt 0:00:01]} Re2 {[%emt 0:00:
00]} 55. a5 {[%emt 0:00:02]} Nxe5 {[%emt 0:00:20]} 56. a6 {[%emt 0:00:05]} Ra2
{[%emt 0:00:02]} 57. Kg3 {[%emt 0:00:09]} Kh6 {[%emt 0:00:05]} 58. Rd6 {
[%emt 0:00:28]} Ra3+ {[%emt 0:00:13]} 59. Kh4 {[%emt 0:00:27]} Nd3 {[%emt 0:00:
25]} 60. a7 {[%emt 0:00:05]} Nf2 {[%emt 0:00:13]} 61. Rxg6+ {[%emt 0:00:28]}
Kxg6 {[%emt 0:00:01]} 62. a8=Q {[%emt 0:00:02]} Rh3# {[%emt 0:00:04]} 0-1

[Event "Skilling Open CCT 2021"]
[Site "Online"]
[Date "2020.11.19"]
[Round "15.5"]
[White "Firouzja, Alireza"]
[Black "Le, Quang Liem"]
[Result "0-1"]
[WhiteElo "2703"]
[BlackElo "2744"]
[Annotator "ChessBase"]
[PlyCount "160"]
[EventDate "2020.11.20"]
[EventType "tourn"]
[EventCountry "NET"]
[Tiebreak "Koya+Number of black wins+Number of wins"]
[SourceTitle "playchess.com"]
[Source "ChessBase"]
[SourceQuality "1"]
[TimeControl "900+10"]

1. Nf3 {[%emt 0:00:00]} Nf6 {[%emt 0:00:00]} 2. g3 {[%emt 0:00:00]} d5 {
[%emt 0:00:00]} 3. Bg2 {[%emt 0:00:00]} Bf5 {[%emt 0:00:00]} 4. O-O {[%emt 0:
00:10]} c6 {[%emt 0:00:05]} 5. d3 {[%emt 0:00:11]} h6 {[%emt 0:00:13]} 6. c4 {
[%emt 0:00:28]} e6 {[%emt 0:01:04]} 7. cxd5 {[%emt 0:01:35]} exd5 {[%emt 0:00:
10]} 8. Qb3 {[%emt 0:01:38]} Qb6 {[%emt 0:00:22]} 9. Qc2 {[%emt 0:00:03]} Be7 {
[%emt 0:00:57]} 10. Nc3 {[%emt 0:00:04]} O-O {[%emt 0:01:04]} 11. e4 {[%emt 0:
00:09]} Bh7 {[%emt 0:00:07]} 12. Be3 {[%emt 0:00:56]} Qa6 {[%emt 0:00:05]} 13.
Rfd1 {[%emt 0:01:04]} Nbd7 {[%emt 0:00:11]} 14. exd5 {[%emt 0:00:34]} cxd5 {
[%emt 0:00:57]} 15. Qb3 {[%emt 0:00:34]} Rfd8 {[%emt 0:03:37]} 16. Qb5 {
[%emt 0:03:11]} Qxb5 {[%emt 0:00:11]} 17. Nxb5 {[%emt 0:00:02]} a6 {[%emt 0:00:
00]} 18. Nc3 {[%emt 0:00:04]} Rac8 {[%emt 0:00:23]} 19. Bh3 {[%emt 0:00:22]} g5
{[%emt 0:00:37]} 20. Nd4 {[%emt 0:00:36]} g4 {[%emt 0:01:21]} 21. Bf1 {[%emt 0:
00:08]} Kg7 {[%emt 0:00:33]} 22. Bf4 {[%emt 0:01:02]} Bc5 {[%emt 0:02:37]} 23.
Nb3 {[%emt 0:01:09]} d4 {[%emt 0:01:15]} 24. Ne2 {[%emt 0:00:05]} Bb6 {[%emt 0:
00:01]} 25. Bg2 {[%emt 0:01:08]} Nc5 {[%emt 0:00:35]} 26. Nxc5 {[%emt 0:00:25]}
Rxc5 {[%emt 0:00:00]} 27. Rac1 {[%emt 0:00:25]} Rxc1 {[%emt 0:00:34]} 28. Bxc1
{[%emt 0:00:26]} Nd5 {[%emt 0:01:32]} 29. Nf4 {[%emt 0:00:10]} Nxf4 {[%emt 0:
00:01]} 30. Bxf4 {[%emt 0:00:01]} Rd7 {[%emt 0:00:00]} 31. f3 {[%emt 0:00:51]}
h5 {[%emt 0:00:05]} 32. fxg4 {[%emt 0:00:06]} hxg4 {[%emt 0:00:00]} 33. h3 {
[%emt 0:00:08]} gxh3 {[%emt 0:00:07]} 34. Bxh3 {[%emt 0:00:02]} Re7 {[%emt 0:
00:01]} 35. Kf2 {[%emt 0:00:06]} Bc7 {[%emt 0:00:05]} 36. Bxc7 {[%emt 0:01:04]}
Rxc7 {[%emt 0:00:00]} 37. Rd2 {[%emt 0:00:00]} Kf6 {[%emt 0:00:08]} 38. Bg2 {
[%emt 0:00:04]} b6 {[%emt 0:00:13]} 39. Kf3 {[%emt 0:00:17]} Kg5 {[%emt 0:00:
23]} 40. Kf2 {[%emt 0:00:02]} Re7 {[%emt 0:00:07]} 41. Bf1 {[%emt 0:00:35]} Re6
{[%emt 0:00:16]} 42. Be2 {[%emt 0:00:09]} Rc6 {[%emt 0:00:05]} 43. Bf3 {
[%emt 0:00:16]} Rf6 {[%emt 0:00:12]} 44. Kg2 {[%emt 0:00:05]} Re6 {[%emt 0:00:
21]} 45. Kf2 {[%emt 0:00:07]} Re3 {[%emt 0:00:08]} 46. Be2 {[%emt 0:00:05]} Bf5
{[%emt 0:00:21]} 47. Kg2 {[%emt 0:00:50]} Bg4 {[%emt 0:00:11]} 48. Bf1 {
[%emt 0:00:04]} Re1 {[%emt 0:00:21]} 49. Kf2 {[%emt 0:00:27]} Rb1 {[%emt 0:00:
12]} 50. a3 {[%emt 0:00:10]} a5 {[%emt 0:00:19]} 51. Bg2 {[%emt 0:00:04]} Be6 {
[%emt 0:00:04]} 52. Bc6 {[%emt 0:00:28]} Rc1 {[%emt 0:00:05]} 53. Bf3 {[%emt 0:
00:07]} Bf5 {[%emt 0:00:28]} 54. Bd5 {[%emt 0:00:06]} f6 {[%emt 0:00:01]} 55.
Be4 {[%emt 0:00:17]} Bh3 {[%emt 0:00:01]} 56. Bf3 {[%emt 0:00:19]} f5 {[%emt 0:
00:06]} 57. Be2 {[%emt 0:00:08]} Rh1 {[%emt 0:00:13]} 58. Bf3 {[%emt 0:00:14]}
Rf1+ {[%emt 0:00:01]} 59. Ke2 {[%emt 0:00:02]} f4 {[%emt 0:00:00]} 60. gxf4+ {
[%emt 0:00:16]} Kxf4 {[%emt 0:00:00]} 61. Be4 {[%emt 0:00:09]} Kg3 {[%emt 0:00:
15]} 62. b4 {[%emt 0:00:20]} Ra1 {[%emt 0:00:15]} 63. Rb2 {[%emt 0:00:12]} a4 {
[%emt 0:00:08]} 64. b5 {[%emt 0:00:10]} Rxa3 {[%emt 0:01:11]} 65. Rb4 {[%emt 0:
00:03]} Ra2+ {[%emt 0:00:20]} 66. Kd1 {[%emt 0:00:03]} a3 {[%emt 0:00:04]} 67.
Bd5 {[%emt 0:00:35]} Bg4+ {[%emt 0:00:31]} 68. Kc1 {[%emt 0:00:06]} Ra1+ {
[%emt 0:00:01]} 69. Kc2 {[%emt 0:00:23]} a2 {[%emt 0:00:01]} 70. Ra4 {[%emt 0:
00:07]} Bd1+ {[%emt 0:00:02]} 71. Kb2 {[%emt 0:00:04]} Bxa4 {[%emt 0:00:00]}
72. Kxa1 {[%emt 0:00:00]} Bxb5 {[%emt 0:00:01]} 73. Kxa2 {[%emt 0:00:18]} Bxd3
{[%emt 0:00:04]} 74. Kb3 {[%emt 0:00:08]} Kf2 {[%emt 0:00:04]} 75. Kb4 {
[%emt 0:00:01]} Ke3 {[%emt 0:00:03]} 76. Bb3 {[%emt 0:00:03]} Be2 {[%emt 0:00:
03]} 77. Ba4 {[%emt 0:00:03]} b5 {[%emt 0:00:19]} 78. Bb3 {[%emt 0:00:04]} Bc4
{[%emt 0:00:01]} 79. Bd1 {[%emt 0:00:03]} Kd2 {[%emt 0:00:03]} 80. Bf3 {
[%emt 0:00:08]} d3 {[%emt 0:00:03]} 0-1

[Event "Skilling Open CCT 2021"]
[Site "Online"]
[Date "2020.11.19"]
[Round "15.6"]
[White "Aronian, Levon"]
[Black "Nakamura, Hikaru"]
[Result "1/2-1/2"]
[WhiteElo "2778"]
[BlackElo "2829"]
[Annotator "RC"]
[PlyCount "66"]
[EventDate "2020.11.20"]
[EventType "tourn"]
[EventCountry "NET"]
[Tiebreak "Koya+Number of black wins+Number of wins"]
[SourceTitle "playchess.com"]
[Source "ChessBase"]
[SourceQuality "1"]
[TimeControl "900+10"]

1. e4 {[%emt 0:00:00]} e5 {[%emt 0:00:00]} 2. Nf3 {[%emt 0:00:00]} Nc6 {
[%emt 0:00:00]} 3. Bb5 {[%emt 0:00:00]} Nf6 {[%emt 0:00:00]} 4. O-O {[%emt 0:
00:00]} Nxe4 {[%emt 0:00:00]} 5. Re1 {[%emt 0:00:00]} Nd6 {[%emt 0:00:00]} 6.
Nxe5 {[%emt 0:00:00]} Be7 {[%emt 0:00:00]} 7. Bf1 {[%emt 0:00:00]} Nxe5 {
[%emt 0:00:00]} 8. Rxe5 {[%emt 0:00:03]} O-O {[%emt 0:00:00]} 9. d4 {[%emt 0:
00:03]} Ne8 {[%emt 0:00:00]} 10. Re1 {[%emt 0:00:12]} d5 {[%emt 0:00:00]} 11.
Bf4 {[%emt 0:00:02]} Bd6 {[%emt 0:00:06]} 12. Bxd6 {[%emt 0:00:14]} Nxd6 {
[%emt 0:00:11]} 13. Bd3 {[%emt 0:00:04]} Bf5 {[%emt 0:00:05]} 14. Bxf5 {
[%emt 0:00:03]} Nxf5 {[%emt 0:00:00]} 15. c3 {[%emt 0:00:02]} Re8 {[%emt 0:00:
04]} 16. Nd2 {[%emt 0:00:17]} c6 {[%emt 0:00:02]} 17. Rxe8+ {[%emt 0:00:10]}
Qxe8 {[%emt 0:00:01]} 18. Nf3 {[%emt 0:00:02]} f6 {[%emt 0:00:04]} 19. Qc2 {
[%emt 0:00:16]} Qd7 {[%emt 0:00:11]} 20. Re1 {[%emt 0:00:03]} Nd6 {[%emt 0:00:
00]} 21. Nd2 {[%emt 0:00:26]} Re8 {[%emt 0:00:02]} 22. Rxe8+ {[%emt 0:00:01]}
Qxe8 {[%emt 0:00:02]} 23. Kf1 {[%emt 0:00:03]} Qe6 {[%emt 0:00:14]} 24. h3 {
[%emt 0:00:14]} Qf5 {[%emt 0:00:01]} 25. Qxf5 {[%emt 0:00:02]} Nxf5 {[%emt 0:
00:00]} 26. Ke2 {[%emt 0:00:05]} Nd6 {[%emt 0:00:01]} 27. Nb3 {[%emt 0:00:29]}
b6 {[%emt 0:00:15]} 28. Nc1 {[%emt 0:00:02]} Kf7 {[%emt 0:00:01]} 29. Nd3 {
[%emt 0:00:02]} Ke7 {[%emt 0:00:01]} 30. Nf4 {[%emt 0:00:21]} Nc4 {[%emt 0:00:
02]} 31. Nd3 {[%emt 0:00:04]} Nd6 {[%emt 0:00:01]} 32. Nf4 {[%emt 0:00:01]} Nc4
{[%emt 0:00:01]} 33. Nd3 {[%emt 0:00:01]} Nd6 {[%emt 0:00:01]} 1/2-1/2

[Event "Skilling Open CCT 2021"]
[Site "Online"]
[Date "2020.11.19"]
[Round "15.7"]
[White "Duda, Jan-Krzysztof"]
[Black "Karjakin, Sergey"]
[Result "0-1"]
[WhiteElo "2774"]
[BlackElo "2709"]
[Annotator "RC"]
[PlyCount "132"]
[EventDate "2020.11.20"]
[EventType "tourn"]
[EventCountry "NET"]
[Tiebreak "Koya+Number of black wins+Number of wins"]
[SourceTitle "playchess.com"]
[Source "ChessBase"]
[SourceQuality "1"]
[TimeControl "900+10"]

1. d4 {[%emt 0:00:00]} Nf6 {[%emt 0:00:00]} 2. c4 {[%emt 0:00:00]} e6 {[%emt 0:
00:00]} 3. Nf3 {[%emt 0:00:00]} d5 {[%emt 0:00:00]} 4. Nc3 {[%emt 0:00:00]} Be7
{[%emt 0:00:01]} 5. Bf4 {[%emt 0:00:00]} O-O {[%emt 0:00:02]} 6. e3 {[%emt 0:
00:00]} Nbd7 {[%emt 0:00:06]} 7. Be2 {[%emt 0:00:00]} dxc4 {[%emt 0:00:11]} 8.
O-O {[%emt 0:00:00]} c5 {[%emt 0:00:02]} 9. dxc5 {[%emt 0:00:09]} Nxc5 {
[%emt 0:00:00]} 10. Bxc4 {[%emt 0:00:01]} Qxd1 {[%emt 0:00:02]} 11. Rfxd1 {
[%emt 0:00:00]} b6 {[%emt 0:00:02]} 12. Ne5 {[%emt 0:00:02]} Bb7 {[%emt 0:00:
04]} 13. f3 {[%emt 0:00:00]} Nh5 {[%emt 0:02:21]} 14. b4 {[%emt 0:00:04]} Na6 {
[%emt 0:00:02]} 15. a3 {[%emt 0:00:01]} Nb8 {[%emt 0:01:01]} 16. Nb5 {[%emt 0:
00:02]} g5 {[%emt 0:01:31]} 17. Bg3 {[%emt 0:00:03]} Nxg3 {[%emt 0:00:03]} 18.
hxg3 {[%emt 0:00:00]} Nc6 {[%emt 0:01:06]} 19. Nxf7 {[%emt 0:04:09]} Kxf7 {
[%emt 0:01:04]} 20. Nc7 {[%emt 0:02:35]} Kf6 {[%emt 0:01:44]} 21. Nxa8 {
[%emt 0:01:15]} Bxa8 {[%emt 0:00:17]} 22. Rac1 {[%emt 0:00:35]} a5 {[%emt 0:00:
26]} 23. Bb5 {[%emt 0:00:26]} Ne5 {[%emt 0:01:51]} 24. Rc7 {[%emt 0:02:10]}
axb4 {[%emt 0:00:07]} 25. axb4 {[%emt 0:00:04]} Bxb4 {[%emt 0:02:03]} 26. Rxh7
{[%emt 0:01:56]} Bc5 {[%emt 0:00:01]} 27. Rh6+ {[%emt 0:00:04]} Ke7 {[%emt 0:
00:15]} 28. Rh7+ {[%emt 0:01:20]} Rf7 {[%emt 0:00:13]} 29. Rxf7+ {[%emt 0:00:
07]} Nxf7 {[%emt 0:00:00]} 30. Kf2 {[%emt 0:00:01]} Nd6 {[%emt 0:00:04]} 31.
Bd3 {[%emt 0:00:07]} Nf5 {[%emt 0:00:31]} 32. Bxf5 {[%emt 0:00:52]} exf5 {
[%emt 0:00:02]} 33. Ke2 {[%emt 0:00:00]} Bc6 {[%emt 0:00:19]} 34. Rh1 {[%emt 0:
00:06]} Be8 {[%emt 0:00:16]} 35. Rh7+ {[%emt 0:00:40]} Bf7 {[%emt 0:00:02]} 36.
Kd3 {[%emt 0:00:11]} b5 {[%emt 0:00:05]} 37. e4 {[%emt 0:00:18]} fxe4+ {
[%emt 0:00:15]} 38. Kxe4 {[%emt 0:00:00]} b4 {[%emt 0:00:03]} 39. Kd3 {[%emt 0:
00:51]} b3 {[%emt 0:00:54]} 40. Kc3 {[%emt 0:00:49]} Bf2 {[%emt 0:01:00]} 41.
f4 {[%emt 0:01:58]} g4 {[%emt 0:00:03]} 42. Rh4 {[%emt 0:00:01]} Kf6 {[%emt 0:
00:36]} 43. Rh6+ {[%emt 0:00:08]} Kf5 {[%emt 0:00:07]} 44. Rh7 {[%emt 0:00:08]}
Kg6 {[%emt 0:00:55]} 45. Rh4 {[%emt 0:00:08]} Be1+ {[%emt 0:00:19]} 46. Kb2 {
[%emt 0:00:19]} Be6 {[%emt 0:00:03]} 47. Rxg4+ {[%emt 0:00:16]} Bxg4 {[%emt 0:
00:02]} 48. f5+ {[%emt 0:00:00]} Kxf5 {[%emt 0:00:03]} 49. Kxb3 {[%emt 0:00:00]
} Bxg3 {[%emt 0:00:01]} 50. Kc4 {[%emt 0:00:00]} Ke4 {[%emt 0:00:01]} 51. Kc5 {
[%emt 0:00:01]} Be2 {[%emt 0:00:01]} 52. Kc6 {[%emt 0:00:02]} Bf1 {[%emt 0:00:
02]} 53. Kc5 {[%emt 0:00:00]} Bxg2 {[%emt 0:00:01]} 54. Kc4 {[%emt 0:00:01]}
Be5 {[%emt 0:00:03]} 55. Kc5 {[%emt 0:00:00]} Kd3 {[%emt 0:00:01]} 56. Kb5 {
[%emt 0:00:01]} Bd4 {[%emt 0:00:03]} 57. Kb4 {[%emt 0:00:03]} Bc6 {[%emt 0:00:
02]} 58. Ka5 {[%emt 0:00:02]} Kc4 {[%emt 0:00:05]} 59. Ka6 {[%emt 0:00:00]} Bc3
{[%emt 0:00:04]} 60. Kb6 {[%emt 0:00:01]} Kd5 {[%emt 0:00:01]} 61. Kc7 {
[%emt 0:00:09]} Kc5 {[%emt 0:00:03]} 62. Kc8 {[%emt 0:00:04]} Kb6 {[%emt 0:00:
03]} 63. Kd8 {[%emt 0:00:04]} Bf6+ {[%emt 0:00:02]} 64. Kc8 {[%emt 0:00:01]}
Bb5 {[%emt 0:00:01]} 65. Kb8 {[%emt 0:00:02]} Bd7 {[%emt 0:00:01]} 66. Ka8 {
[%emt 0:00:06]} Bg7 {[%emt 0:00:02]} 0-1

[Event "Skilling Open CCT 2021"]
[Site "Online"]
[Date "2020.11.19"]
[Round "15.8"]
[White "Ding, Liren"]
[Black "Giri, Anish"]
[Result "1/2-1/2"]
[WhiteElo "2836"]
[BlackElo "2731"]
[Annotator "RC"]
[PlyCount "125"]
[EventDate "2020.11.20"]
[EventType "tourn"]
[EventCountry "NET"]
[Tiebreak "Koya+Number of black wins+Number of wins"]
[SourceTitle "playchess.com"]
[Source "ChessBase"]
[SourceQuality "1"]
[TimeControl "900+10"]

1. c4 {[%emt 0:00:00]} Nf6 {[%emt 0:00:00]} 2. g3 {[%emt 0:00:06]} c6 {[%emt 0:
00:00]} 3. Bg2 {[%emt 0:00:35]} d5 {[%emt 0:00:04]} 4. Nf3 {[%emt 0:00:01]}
dxc4 {[%emt 0:00:02]} 5. O-O {[%emt 0:00:29]} Nbd7 {[%emt 0:00:01]} 6. Na3 {
[%emt 0:00:25]} Nb6 {[%emt 0:00:02]} 7. Qc2 {[%emt 0:00:00]} Be6 {[%emt 0:00:
02]} 8. Ne5 {[%emt 0:00:02]} h5 {[%emt 0:00:05]} 9. Naxc4 {[%emt 0:00:01]} Nxc4
{[%emt 0:00:23]} 10. Nxc4 {[%emt 0:00:00]} h4 {[%emt 0:00:01]} 11. Ne5 {
[%emt 0:00:02]} hxg3 {[%emt 0:00:40]} 12. hxg3 {[%emt 0:00:01]} Qd4 {[%emt 0:
01:37]} 13. Qc3 {[%emt 0:05:35]} Qd6 {[%emt 0:00:09]} 14. d4 {[%emt 0:00:41]}
Rd8 {[%emt 0:00:02]} 15. Qa5 {[%emt 0:03:21]} Bh3 {[%emt 0:01:17]} 16. Qxa7 {
[%emt 0:01:06]} Bxg2 {[%emt 0:00:34]} 17. Kxg2 {[%emt 0:00:01]} Qxd4 {[%emt 0:
00:01]} 18. Qxd4 {[%emt 0:00:04]} Rxd4 {[%emt 0:00:00]} 19. Be3 {[%emt 0:00:29]
} Rd5 {[%emt 0:00:05]} 20. f4 {[%emt 0:00:20]} g5 {[%emt 0:02:30]} 21. a4 {
[%emt 0:00:53]} gxf4 {[%emt 0:00:12]} 22. gxf4 {[%emt 0:00:02]} Nd7 {[%emt 0:
00:24]} 23. Nc4 {[%emt 0:01:54]} Bg7 {[%emt 0:01:52]} 24. Rad1 {[%emt 0:00:17]}
b5 {[%emt 0:01:24]} 25. axb5 {[%emt 0:00:19]} Rxb5 {[%emt 0:00:02]} 26. Rd2 {
[%emt 0:00:16]} Nf6 {[%emt 0:00:20]} 27. Ra1 {[%emt 0:00:07]} Nd5 {[%emt 0:00:
09]} 28. Ra8+ {[%emt 0:01:37]} Kd7 {[%emt 0:00:02]} 29. Rxh8 {[%emt 0:00:01]}
Bxh8 {[%emt 0:00:01]} 30. Kf3 {[%emt 0:00:17]} Rb4 {[%emt 0:01:07]} 31. Nb6+ {
[%emt 0:00:20]} Ke6 {[%emt 0:00:03]} 32. Nxd5 {[%emt 0:00:01]} cxd5 {[%emt 0:
00:01]} 33. Bc5 {[%emt 0:00:07]} Rb3+ {[%emt 0:00:41]} 34. e3 {[%emt 0:00:23]}
Bxb2 {[%emt 0:00:12]} 35. f5+ {[%emt 0:00:02]} Kxf5 {[%emt 0:00:04]} 36. Rxd5+
{[%emt 0:00:02]} e5 {[%emt 0:00:30]} 37. Ba7 {[%emt 0:00:17]} Ke6 {[%emt 0:00:
22]} 38. Ra5 {[%emt 0:00:03]} Bd4 {[%emt 0:01:30]} 39. Bxd4 {[%emt 0:00:04]}
exd4 {[%emt 0:00:00]} 40. Ke4 {[%emt 0:00:01]} Rxe3+ {[%emt 0:00:52]} 41. Kxd4
{[%emt 0:00:01]} Re1 {[%emt 0:00:02]} 42. Ra2 {[%emt 0:00:49]} f6 {[%emt 0:00:
33]} 43. Rb2 {[%emt 0:00:12]} Kf7 {[%emt 0:01:53]} 44. Rf2 {[%emt 0:00:08]} Kg6
{[%emt 0:00:09]} 45. Rg2+ {[%emt 0:00:01]} Kh5 {[%emt 0:00:01]} 46. Rf2 {
[%emt 0:00:02]} Kg5 {[%emt 0:00:08]} 47. Rg2+ {[%emt 0:00:01]} Kf5 {[%emt 0:00:
00]} 48. Rf2+ {[%emt 0:00:01]} Ke6 {[%emt 0:00:00]} 49. Ra2 {[%emt 0:00:04]}
Ke7 {[%emt 0:00:06]} 50. Ra7+ {[%emt 0:00:11]} Ke6 {[%emt 0:00:02]} 51. Ra2 {
[%emt 0:00:01]} f5 {[%emt 0:00:01]} 52. Ra6+ {[%emt 0:00:02]} Kf7 {[%emt 0:00:
01]} 53. Kd3 {[%emt 0:00:07]} Kg7 {[%emt 0:00:01]} 54. Kd2 {[%emt 0:00:10]} Re5
{[%emt 0:00:02]} 55. Kd3 {[%emt 0:00:04]} Kf7 {[%emt 0:00:03]} 56. Rb6 {
[%emt 0:00:09]} Re7 {[%emt 0:00:05]} 57. Ra6 {[%emt 0:00:05]} Kg7 {[%emt 0:00:
00]} 58. Rb6 {[%emt 0:00:05]} f4 {[%emt 0:00:05]} 59. Rb4 {[%emt 0:00:01]} f3 {
[%emt 0:00:04]} 60. Rf4 {[%emt 0:00:02]} Rf7 {[%emt 0:00:02]} 61. Rxf7+ {
[%emt 0:00:01]} Kxf7 {[%emt 0:00:00]} 62. Ke3 {[%emt 0:00:01]} f2 {[%emt 0:00:
00]} 63. Kxf2 {[%emt 0:00:00]} 1/2-1/2